| 000 | 00999 a2200325 4500 | ||
|---|---|---|---|
| 999 |
_c63937 _d16904 |
||
| 001 | 63937 | ||
| 003 | TR-AnTOB | ||
| 005 | 20210810140318.0 | ||
| 008 | 071006s1998 tu 00010 eng | ||
| 020 | _a9756951222 | ||
| 040 |
_aTOBB ETÜ _cTR-AnTOB |
||
| 041 | _aeng | ||
| 050 |
_aK7040 _b.O43 1998 |
||
| 090 | _aK7040 .O43 1998 | ||
| 100 | 1 |
_aÖkçün, A. Gündüz _q(Ahmet Gündüz) _934388 |
|
| 245 | 0 |
_aTrans-municipal law : _ba critical analysis of private international law / _cAhmet Gündüz Ökçün. |
|
| 264 | 1 |
_aAnkara: _b[Ankara Üniversitesi], _c[1998]. |
|
| 300 |
_aviii,138 p.; _c24 cm. |
||
| 336 |
_2rdacontent _atext _btxt |
||
| 337 |
_2rdamedia _aunmediated _bn |
||
| 338 |
_2rdacarrier _avolume _bnc |
||
| 490 | 0 |
_aCapital Markets Board ; _v125 _aCollected works ; _v11 |
|
| 504 | _aKaynakça s.123-131 | ||
| 650 | 0 |
_aConflict of laws _936954 |
|
| 710 | 2 |
_aSermaye Piyasası Kurulu (Türkiye) _917794 |
|
| 901 | _a0019606 | ||
| 902 | _abs | ||
| 942 |
_cBK _2lcc |
||